000 00660nam a2200205 a 4500
001 000029105
005 20260205101807.0
008 110413s2010 dr ac 001 0 spa d
040 _aDO-SdBNP
_bspa
_cBNPHU
082 _a658.8
_bD542s
100 1 _aDíaz, Leoni
_956010
245 1 3 _aEl secreto para prosperar en el negocio de colmado /
_cLeoni Díaz.
260 _aSanto Domingo :
_bUreña,
_c2010.
300 _a72 p. :
_bil., retrs.
590 _aInventariado, 2018/ YL
650 0 _aNegocios
_927821
650 4 _aAlmacenes generales de depósito
_956011
651 4 _aRepública Dominicana
_xComercio
_956012
910 _aValidado. Control de calidad EMS
999 _c28597
_d28597